000 00546cam a22002171 4500
001 sa 65002916
003 DLC
005 20260227112120.0
008 890315s1960 io 000 0 ind
010 _asa 65002916
035 _a(OCoLC)23557129
040 _aDLC
_cMiU
_dDLC
042 _apremarc
043 _aa-io---
050 0 0 _aHX402
_b.A645
100 1 _aAidit, D. N.,
_d1923-1965.
245 1 0 _aLenin dan Indonesia.
260 _aDjakarta,
_bJajasan Pembaruan,
_c1960.
300 _a32 p.
_c18 cm.
650 0 _aCommunism
_zIndonesia.
999 _c62889
_d62889